000 00479nam a2200181Ia 4500
001 2807
005 20260306144834.0
008 260306t1993||||xx |||||||||||||| ||spa||
041 _aESP
082 _a230.1
_bR27
100 _aRatzinger, Joseph
_eAUT
245 0 _aNatura e compito della teologia:
_bIL teologo nella disputa contemporanea storia e dogma
260 _c1993
300 _a166 páginas :
_c23 cm.
650 _aGEN
654 _aCHU
942 _cLIB
_dJUS
_fJUS
_2ddc
_n
999 _c2807
_d2807